000 00454nam a2200193Ia 4500
005 20230823114256.0
008 131103s9999 xx 000 0 und d
020 _a0-451-20359-3
_c0.99
040 _aLoreto College
041 _aEnglish
082 _aF
_bILE
100 _aIles, Greg
245 _a24 Hours
_cGreg Iles
260 _aNew York
_bSignet Book
_c2001
300 _a434p, 17 c.m.
650 _aFiction
850 _aLCLIB
942 _cBK
999 _c2167
_d52646